Industrial pneumatic technology / (Record no. 111724)

MARC details
000 -LEADER
campo de control de longitud fija 00759cam a2200265Ma 4500
001 - NÚMERO DE CONTROL
campo de control 87257
005 - FECHA Y HORA DE LA ÚLTIMA TRANSACCIÓN
campo de control 20230411090045.0
008 - DATOS DE LONGITUD FIJA--INFORMACIÓN GENERAL
campo de control de longitud fija 830304s1980 ohua p 001 0 eng d
035 ## - NÚMERO DE CONTROL DEL SISTEMA
Número de control de sistema (OCoLC)ocn220360419
040 ## - FUENTE DE CATALOGACIÓN
Centro catalogador/agencia de origen AU@
Lengua de catalogación eng
Centro/agencia transcriptor AU@
Centro/agencia modificador OCLCQ
029 0# - OTRO NÚMERO DE CONTROL DE SISTEMA (OCLC)
Identificador de la biblioteca OCLC AU@
Número de control de sistema 000002705230
035 ## - NÚMERO DE CONTROL DEL SISTEMA
Número de control de sistema (OCoLC)220360419
082 04 - NÚMERO DE LA CLASIFICACIÓN DECIMAL DEWEY
Número de clasificación 621.5/07
Número de edición 19
049 ## - FONDOS LOCALES (OCLC)
Biblioteca depositaria GRAL
245 00 - MENCIÓN DEL TÍTULO
Título Industrial pneumatic technology /
Mención de responsabilidad, etc. [Parker Fluidpower].
260 ## - PUBLICACIÓN, DISTRIBUCIÓN, ETC.
Lugar de publicación, distribución, etc. Cleveland, Ohio :
Nombre del editor, distribuidor, etc. Parker Hannifin,
Fecha de publicación, distribución, etc. c1980.
300 ## - DESCRIPCIÓN FÍSICA
Extensión ii, 151 p. :
Otras características físicas ill. ;
Dimensiones 28 cm.
490 0# - MENCIÓN DE SERIE
Mención de serie Bulletin ;
Designación de volumen o secuencia 0275-B1
500 ## - NOTA GENERAL
Nota general Includes index.
650 #0 - PUNTO DE ACCESO ADICIONAL DE MATERIA--TÉRMINO DE MATERIA
Término de materia o nombre geográfico como elemento de entrada Pneumatics
Subdivisión general Programmed instruction.
710 2# - ENTRADA AGREGADA--NOMBRE DE ENTIDAD CORPORATIVA
Nombre de entidad corporativa o nombre de jurisdicción como elemento de entrada Parker-Hannifin Corporation.
942 ## - ELEMENTOS DE ENTRADA SECUNDARIOS (KOHA)
Fuente del sistema de clasificación o colocación Clasificación de Library of Congress
Tipo de ítem Koha
994 ## -
-- C0
-- DRFGD
946 ## - PROCESAMIENTO DE INFORMACIÓN LOCAL (OCLC)
a rdc
Holdings
Estatus retirado Estado de pérdida Fuente del sistema de clasificación o colocación Estado de daño No para préstamo Colección Biblioteca de origen Biblioteca actual Ubicación en estantería Fecha de adquisición Código de barras Visto por última vez Copia número Tipo de ítem Koha
    Clasificación de Library of Congress     Automatización y Procesos Técnicos Biblioteca Juan Bosch Biblioteca Juan Bosch Automatización y Procesos Técnicos (1er. Piso) 11/04/2023 00000076659 17/02/2019 1